Economic transition with a human face (Record no. 482987)

000 -LEADER
fixed length control field 00523cam a22001457a 4500
008 - FIXED-LENGTH DATA ELEMENTS--GENERAL INFORMATION
fixed length control field 180718b1997 xxu||||| |||| 00| 0 eng d
082 ## - DEWEY DECIMAL CLASSIFICATION NUMBER
Classification number T19x54 P136
100 ## - MAIN ENTRY--PERSONAL NAME
Personal name Padmanabhan, K.
245 ## - TITLE STATEMENT
Title Economic transition with a human face
Statement of responsibility, etc. by K. Padmanabhan
260 ## - PUBLICATION, DISTRIBUTION, ETC.
Place of publication, distribution, etc. Tirupattur
Name of publisher, distributor, etc. Indian Institute of Public Administration, Tirupattur Local Branch
Date of publication, distribution, etc. 1997
300 ## - PHYSICAL DESCRIPTION
Extent 86p.
650 ## - SUBJECT ADDED ENTRY--TOPICAL TERM
Topical term or geographic name entry element Agriculture - India, 1951-91
650 ## - SUBJECT ADDED ENTRY--TOPICAL TERM
Topical term or geographic name entry element India - Economic conditions
700 ## - ADDED ENTRY--PERSONAL NAME
Personal name Tirupattur. Indian Institute of Public Administration
Holdings
Withdrawn status Lost status Damaged status Not for loan Permanent Location Current Location Date acquired Full call number Barcode Date last seen Price effective from Koha item type
        Indian Institute of Public Administration Indian Institute of Public Administration 2018-08-04 T19x54 P136 GR14656 2018-08-04 2018-08-04 GR
        Indian Institute of Public Administration Indian Institute of Public Administration 2018-08-04 T19x54 P136 GR14655 2018-08-04 2018-08-04 GR

Powered by Koha